Loading...
| Science - Physics | 1 | 6 | 0 | 0 | 75 | 61 | 92.86 | 3 | 5 | 0.00 | 0.00 |
| Science - Chemistry | 0 | 5 | 0 | 0 | 50 | 74 | 100.80 | 1 | 4 | 0.00 | 0.00 |
| Fine Arts - Other | 0 | 5 | 1 | 1 | 45 | 86 | 101.80 | 3 | 5 | 0.00 | 0.00 |
| Literature - Poetry | 1 | 2 | 0 | 0 | 35 | 63 | 94.00 | 1 | 2 | 0.00 | 0.00 |
| Fine Arts - Classical Music | 1 | 2 | 0 | 0 | 35 | 55 | 81.33 | 1 | 2 | 0.00 | 0.00 |
| Science - Other | 1 | 2 | 1 | 0 | 30 | 51 | 79.00 | 1 | 2 | 0.00 | 0.00 |
| Social Science | 0 | 2 | 0 | 0 | 20 | 88 | 94.50 | 0 | 1 | 0.00 | 0.00 |
| Other Academic | 0 | 2 | 0 | 1 | 20 | 135 | 142.50 | 0 | 0 | 0.00 | 0.00 |
| Philosophy | 1 | 0 | 0 | 0 | 15 | 61 | 61.00 | 0 | 1 | 0.00 | 0.00 |
| History - European | 1 | 0 | 0 | 0 | 15 | 65 | 65.00 | 1 | 1 | 0.00 | 0.00 |
| Fine Arts - Painting and Sculpture | 1 | 0 | 0 | 0 | 15 | 49 | 49.00 | 0 | 0 | 0.00 | 0.00 |
| Literature - Long Fiction | 0 | 1 | 0 | 0 | 10 | 128 | 128.00 | 0 | 0 | 0.00 | 0.00 |
| Science - Math | 0 | 1 | 0 | 0 | 10 | 127 | 127.00 | 0 | 1 | 0.00 | 0.00 |
| Short Fiction and Other | 0 | 1 | 0 | 0 | 10 | 147 | 147.00 | 0 | 0 | 0.00 | 0.00 |
| History - Other | 0 | 1 | 0 | 0 | 10 | 116 | 116.00 | 0 | 0 | 0.00 | 0.00 |
| Geography | 0 | 1 | 1 | 0 | 5 | 104 | 104.00 | 0 | 1 | 0.00 | 0.00 |
| Current Events | 0 | 1 | 1 | 1 | 5 | 126 | 126.00 | 0 | 0 | 0.00 | 0.00 |
| Religion | 0 | 0 | 1 | 0 | -5 | 0.00 | 0 | 0 | 0.00 | 0.00 | |
| History - American | 0 | 0 | 1 | 0 | -5 | 0.00 | 0 | 0 | 0.00 | 0.00 |